Wiedza na miare Kolegi Ignacego - Statystyki

Ogólne statystyki
  • Ten quiz został rozwiązany 1 620 razy
  • Średni wynik to 7 z 15
Statystyki odpowiedzi
Pytanie Odpowiedź % Poprawnych
Największe państwo które graniczy z Rosją to ? Chiny
96%
Państwo o najmniejszej powierzchni to ? Watykan
93%
Najdłuższa autostrada polski to ? A4
79%
Ogłosił stan wojenny w Polsce ? Wojciech Jaruzelski
78%
Pierwszy prezydent Rzeczypospolitej Polskiej to? Gabriel Narutowicz
67%
Największy budynek w Polsce to ? Pałac Kultury i Nauki
59%
Największe państwo afryki według liczby ludności ? Nigeria
54%
W którym roku odbyła się insurekcja Kościuszkowska? 1794
45%
Największym stanem USA według powierzchni jest ? Alaska
42%
Droga z której słyną Stany Zjednoczone to ? Route 66
35%
W jakim mieście znajduje się najwięcej wieżowców w Polsce ? Warszawie
10%
W jakim województwie znajduje się jedyne skrzyżowanie rzek w Polsce jak i w europie ? Wielkopolskim
9%
Data Pierwszego odcinka Mniej Więcej ? XD 23.01.2018
3%
Kto dokonał się zamachu na Abrahama Lincolna 14 kwietnia 1865r. ? John Wilkes Booth
3%
Rodzime miasto Jakuba Wujka to ? Wągrowiec
3%
Nie znaleziono quizów pasujących do podanych kryteriów
Rozkład punktacji
Procent ludzi z każdym wynikiem
Percentyl według liczby udzielonych odpowiedzi
Twoja historia wyników
Nie rozwiązałeś tego quizu